000 00498nam a2200181Ia 4500
005 20250326143850.0
008 250326s9999 xx 000 0 und d
037 _aTextbook
040 _aFMSL
_beng
_cFMSL
041 _aeng
_2eng
084 _aB28 L8
_qFMSL
100 _aGoldstein Illon
_9748638
245 0 _aDiscrete discrimit analysis
_cGoldstein Illon; Dillon W R
260 _aNY
_bNY, John Wiley
_c1978
300 _a186p
942 _cTB
_hB28 L8
999 _c1301390
_d1301390